Zeitschrift für Umweltrecht: ZUR ; das Forum für Umwelt- und Planungsrecht
| Tipo de documento: | Print Revista |
|---|---|
| Lenguaje: | Alemán |
| Publicado: |
Baden-Baden
Nomos-Verl.
1993-
Bremen Rhombos-Verl. 1993-1995 Berlin 1995,4-1998 |
| En: | Año: 1993 |
| Verificar disponibilidad: | HBZ Gateway |
| Servicio de pedido Subito: | Pedir ahora. |
| Volúmenes / Artículos: | Mostrar volumes / artículos. |
| Palabras clave: |
MARC
| LEADER | 00000cas a2200000 c 4500 | ||
|---|---|---|---|
| 001 | 131172050 | ||
| 003 | DE-627 | ||
| 005 | 20260207114300.0 | ||
| 007 | tu | ||
| 008 | 931118c19939999gw m| p| 0 |0ger c | ||
| 015 | |a 96,A09,0637 |2 dnb | ||
| 016 | 7 | |a 016681592 |2 DE-101 | |
| 016 | 7 | |a 1139314-2 |2 DE-600 | |
| 022 | |a 0943-383X | ||
| 024 | 7 | |a 99400029 |2 swets | |
| 035 | |a (DE-627)131172050 | ||
| 035 | |a (DE-603)048620335 | ||
| 035 | |a (DE-576)033032939 | ||
| 035 | |a (DE-599)ZDB1139314-2 | ||
| 035 | |a (OCoLC)644803104 | ||
| 040 | |a DE-627 |b ger |c DE-627 |e rakwb | ||
| 041 | |a ger | ||
| 044 | |c XA-DE | ||
| 082 | 0 | 4 | |a 333.7 |a 340 |a 690 |q DE-600 |
| 084 | |a 19 |a 44 |a 340 |a 360 |2 sdnb | ||
| 084 | |a 2 |a 20,1 |2 ssgn | ||
| 084 | |a INTRECHT |q DE-1a |2 fid | ||
| 084 | |a PM 1000 |2 rvk |0 (DE-625)rvk/137281: | ||
| 084 | |a 86.62 |2 bkl | ||
| 222 | 0 | |a Zeitschrift für Umweltrecht | |
| 245 | 0 | 0 | |a Zeitschrift für Umweltrecht |b ZUR ; das Forum für Umwelt- und Planungsrecht |c Hrsg. u. Red.: Verein für Umweltrecht e.V. |
| 246 | 3 | 3 | |a Sonderheft |
| 246 | 3 | 3 | |a ZUR |
| 247 | 1 | 0 | |a Informationsdienst Umweltrecht |f Nebent. ab 4.1993,2 |
| 264 | 3 | 1 | |a Baden-Baden |b Nomos-Verl. |c 1993- |
| 264 | 2 | 1 | |a Bremen |c 1993-1995 |
| 264 | 2 | 1 | |a Berlin |b Rhombos-Verl. |c 1995,4-1998 |
| 336 | |a Text |b txt |2 rdacontent | ||
| 337 | |a ohne Hilfsmittel zu benutzen |b n |2 rdamedia | ||
| 338 | |a Band |b nc |2 rdacarrier | ||
| 362 | 0 | |a 4.1993 - | |
| 363 | 0 | 1 | |a 4 |i 1993 |
| 500 | |a Ungezählte Beil. 11.2000 - 15.2004: Sonderheft | ||
| 515 | |a Ersch. monatl. | ||
| 583 | 1 | |a Archivierung/Langzeitarchivierung gewährleistet |f PEBW |2 pdager |5 DE-31 | |
| 583 | 1 | |3 4.1993 - 30.2019 |a Archivierung/Langzeitarchivierung gewährleistet |c 2021 |f DE-636 |z f eingeschränkte Benutzung |2 pdager |5 DE-28 | |
| 655 | 7 | |a Zeitschrift |0 (DE-588)4067488-5 |0 (DE-627)10454466X |0 (DE-576)20917000X |2 gnd-content | |
| 689 | 0 | 0 | |d g |0 (DE-588)4011882-4 |0 (DE-627)104704861 |0 (DE-576)208896155 |a Deutschland |2 gnd |
| 689 | 0 | 1 | |d s |0 (DE-588)4061643-5 |0 (DE-627)106134973 |0 (DE-576)209140682 |a Umweltrecht |2 gnd |
| 689 | 0 | |5 DE-101 | |
| 689 | 1 | 0 | |d s |0 (DE-588)4061643-5 |0 (DE-627)106134973 |0 (DE-576)209140682 |a Umweltrecht |2 gnd |
| 689 | 1 | |5 DE-101 | |
| 689 | 2 | 0 | |d s |0 (DE-588)4121482-1 |0 (DE-627)105769304 |0 (DE-576)209543639 |a Planungsrecht |2 gnd |
| 689 | 2 | |5 (DE-627) | |
| 935 | |a BWLB | ||
| 936 | r | v | |a PM 1000 |b Zeitschriften und Entscheidungssammlungen auf dem Gebiet des Staats- und Verwaltungsrechts |k Rechtswissenschaft |k Zeitschriften und Entscheidungssammlungen auf dem Gebiet des Staats- und Verwaltungsrechts |0 (DE-627)1275299385 |0 (DE-625)rvk/137281: |0 (DE-576)205299385 |
| 936 | b | k | |a 86.62 |j Naturschutzrecht |j Landschaftsschutzrecht |j Umweltrecht |0 (DE-627)106422340 |
| 936 | s | n | |a p100 |2 mzub |
| 936 | s | n | |a a500 |2 mzub |
| 936 | s | n | |a z210 |2 mzub |
| 951 | |a JT | ||
| ELC | |b 1 | ||
| LOK | |0 000 xxxxxcy a22 3n 4500 | ||
| LOK | |0 001 2205858173 | ||
| LOK | |0 003 DE-627 | ||
| LOK | |0 004 131172050 | ||
| LOK | |0 005 20090212114539 | ||
| LOK | |0 008 930727||||||||||||||||ger||||||| | ||
| LOK | |0 035 |a (DE-600)046299246 | ||
| LOK | |0 040 |a DE-21-17 |c DE-627 |d DE-21-17 | ||
| LOK | |0 092 |o n | ||
| LOK | |0 852 |8 1 | ||
| LOK | |0 852 |a DE-21-17 | ||
| LOK | |0 852 1 |c 97-116 |9 00 | ||
| LOK | |0 85900 |8 1.1 |a 4 |i 1993 | ||
| LOK | |0 85910 |8 1.2 |a 19 |i 2008 | ||
| LOK | |0 86630 |a 4.1993 - 19.2008 | ||
| LOK | |0 939 |a 24-12-99 |b z01 | ||
| LOK | |0 000 xxxxxcx a22 zn 4500 | ||
| LOK | |0 001 2532878924 | ||
| LOK | |0 003 DE-627 | ||
| LOK | |0 004 131172050 | ||
| LOK | |0 005 20100508101127 | ||
| LOK | |0 008 070503||||||||||||||||ger||||||| | ||
| LOK | |0 040 |a DE-21-24 |c DE-627 |d DE-21-24 | ||
| LOK | |0 852 |a DE-21-24 | ||
| LOK | |0 852 1 |c Oe A,II,170 |m p |9 00 | ||
| LOK | |0 866 |a 18.2007 - | ||
| LOK | |0 866 |x Alle Bände neues System | ||
| LOK | |0 936ln |a Oe A,II, | ||
| LOK | |0 938 |k p | ||
| LOK | |0 939 |a 03-05-07 |b l01 | ||
| LOK | |0 000 xxxxxcy a22 3n 4500 | ||
| LOK | |0 001 2534196006 | ||
| LOK | |0 003 DE-627 | ||
| LOK | |0 004 131172050 | ||
| LOK | |0 005 20230720111822 | ||
| LOK | |0 008 070511||||||||||||||||ger||||||| | ||
| LOK | |0 035 |a (DE-600)126557713 | ||
| LOK | |0 040 |a DE-21-24 |c DE-627 |d DE-21-24 | ||
| LOK | |0 092 |o n | ||
| LOK | |0 852 |8 1 | ||
| LOK | |0 852 |a DE-21-24 | ||
| LOK | |0 852 1 |c Oe A,II,170 |9 00 | ||
| LOK | |0 85901 |8 1.1 |a 18 |i 2007 | ||
| LOK | |0 86630 |a 18.2007 - | ||
| LOK | |0 866 0 |z Heftauslage Neue Aula 234 | ||
| LOK | |0 939 |a 11-05-07 |b z01 | ||
| LOK | |0 000 xxxxxcy a22 3n 4500 | ||
| LOK | |0 001 2205858017 | ||
| LOK | |0 003 DE-627 | ||
| LOK | |0 004 131172050 | ||
| LOK | |0 005 20061116121853 | ||
| LOK | |0 008 930430||||||||||||||||ger||||||| | ||
| LOK | |0 035 |a (DE-600)046299289 | ||
| LOK | |0 040 |a DE-Frei85 |c DE-627 |d DE-Frei85 | ||
| LOK | |0 092 |o n | ||
| LOK | |0 852 |8 1 | ||
| LOK | |0 852 |a DE-Frei85 | ||
| LOK | |0 852 1 |9 00 | ||
| LOK | |0 85901 |8 1.1 |a 4 |i 1993 | ||
| LOK | |0 86630 |a 4.1993 - | ||
| LOK | |0 939 |a 24-12-99 |b z01 | ||
| ORI | |a WA-MARC-krimdokb001.raw | ||
| SPR | |a 1 |t KRI | ||
| TIM | |a 100019901003_100020261231 |b 1990-10-03 - 2026 | ||
